| 000 | 00736nam a2200217 a 4500 | ||
|---|---|---|---|
| 001 | BRL_1152 | ||
| 005 | 20190320211047.0 | ||
| 008 | 201113s2015----mx-a######---#000-0#spa-# | ||
| 020 | _a9786074846669 | ||
| 041 | _aspa | ||
| 044 | _amx | ||
| 050 | 4 |
_aF1219.3.M4 _b.M37 2015 |
|
| 245 | 1 | 0 |
_aMáscaras mexicanas _bsimbolismos velados _cSofía Martínez del Campo Lanz, coordinadora. |
| 260 |
_aMéxico _bINAH _c2015 |
||
| 300 |
_a339 p. _bil. (algunas a color) _c30 cm. |
||
| 650 | 1 | 4 |
_aIndígenas de México _vExposiciones _xVestido _925951 |
| 650 | 1 | 4 |
_aMáscaras _vExposiciones _zMéxico _923518 |
| 650 | 1 | 4 |
_aMáscaras indígenas _vExposiciones _zMéxico _923516 |
| 700 | 1 |
_aMartínez del Campo Lanz, Sofía _ecoord. _925952 |
|
| 942 |
_2lcc _cB |
||
| 999 |
_c9964 _d9964 |
||